[Event "SRB-chT2 South CS"]
[Site "Nis"]
[Date "2012.09.22"]
[Round "2.3"]
[White "Golubovic, Zoran"]
[Black "Zivkovic, Nemanja"]
[Result "0-1"]
[WhiteElo "2275"]
[BlackElo "2212"]
[PlyCount "75"]
[EventDate "2012.09.21"]
[EventType "team-tourn"]
[EventRounds "10"]
[EventCountry "SRB"]
[SourceTitle "EXT 2019"]
[Source "ChessBase"]
[SourceDate "2018.10.10"]
[SourceVersion "1"]
[SourceVersionDate "2018.10.10"]
[SourceQuality "1"]

1. d4 g6 2. c4 d6 3. Nc3 Bg7 4. e4 e5 5. d5 Ne7 6. Be3 f5 7. f3 0-0 8. Qd2 Nd7 9. g4 Nf6 10. h3 Bd7 11. Bd3 c6 12. Nge2 cxd5 13. cxd5 b5 14. g5 Nh5 15. Bxb5 fxe4 16. fxe4 Rf3 17. 0-0-0 Bxb5 18. Nxb5 Qd7 19. Nbc3 Raf8 20. Ng1 Rg3 21. Rh2 Nf4 22. Nce2 Rxg5 23. Nxf4 exf4 24. Bxf4 Rxf4 25. Qxf4 Bh6 26. Rhd2 Kg7 27. Nf3 Rg2 28. Qh4 Ng8 29. Kb1 Bxd2 30. Rxd2 Rxd2 31. Nxd2 Nf6 32. a3 Qa4 33. Qf4 Qa6 34. e5 Qd3+ 35. Ka1 dxe5 36. Qxe5 Qxd2 37. Qe7+ Kh6 38. Qxf6 0-1

[Event "YUG-ch op"]
[Site "Nis"]
[Date "1996.??.??"]
[Round "2"]
[White "Kovacevic, Aleksandar"]
[Black "Golubovic, Zoran"]
[Result "0-1"]
[WhiteElo "2430"]
[BlackElo "2315"]
[PlyCount "69"]
[EventDate "1996.??.??"]
[EventType "swiss"]
[EventRounds "10"]
[EventCountry "YUG"]
[SourceTitle "EXT 1999"]
[Source "ChessBase"]
[SourceDate "1998.11.16"]
[SourceVersion "1"]
[SourceVersionDate "1998.11.16"]
[SourceQuality "1"]

1. e4 e5 2. Nf3 Nc6 3. Bb5 a6 4. Ba4 Nf6 5. 0-0 Nxe4 6. d4 b5 7. Bb3 d5 8. dxe5 Be6 9. c3 Be7 10. Be3 0-0 11. Nbd2 Kh8 12. Bc2 f5 13. exf6 Nxf6 14. Ng5 Qd7 15. Nxe6 Qxe6 16. Nf3 Ne4 17. Nd4 Nxd4 18. cxd4 Rae8 19. Qd3 g6 20. Rae1 Qd7 21. f3 Nd6 22. Bf2 Bf6 23. b3 Rxe1 24. Rxe1 Re8 25. Rxe8+ Qxe8 26. Qc3 Kg8 27. Kf1 Qd7 28. g4 Nb7 29. Qd2 Qe7 30. Bd3 c6 31. Kg2 Nd8 32. Be3 Ne6 33. Bf1 Qa7 34. Qb4 Qe7 35. Qa5 0-1

[Event "YUG-ch op"]
[Site "Nis"]
[Date "1996.??.??"]
[Round "9"]
[White "Marjanovic, Slavoljub"]
[Black "Golubovic, Zoran"]
[Result "0-1"]
[WhiteElo "2445"]
[BlackElo "2315"]
[PlyCount "106"]
[EventDate "1996.??.??"]
[EventType "swiss"]
[EventRounds "10"]
[EventCountry "YUG"]
[SourceTitle "EXT 1999"]
[Source "ChessBase"]
[SourceDate "1998.11.16"]
[SourceVersion "1"]
[SourceVersionDate "1998.11.16"]
[SourceQuality "1"]

1. e4 e5 2. Nf3 Nc6 3. Bb5 a6 4. Ba4 Nf6 5. 0-0 Nxe4 6. d4 b5 7. Bb3 d5 8. dxe5 Be6 9. Nbd2 Be7 10. Nxe4 dxe4 11. Bxe6 fxe6 12. Ng5 Qxd1 13. Rxd1 Bxg5 14. Bxg5 0-0 15. Bh4 Nxe5 16. a4 e3 17. f3 Nc4 18. b3 Nb6 19. Bg5 bxa4 20. bxa4 Nd5 21. Rd3 Rab8 22. c4 Nf4 23. Rxe3 Rb2 24. Bxf4 Rxf4 25. Rxe6 Rxc4 26. Rxa6 Rcc2 27. Kh1 Rxg2 28. Rc6 Rxh2+ 29. Kg1 Rbg2+ 30. Kf1 h5 31. Rc4 Rd2 32. Kg1 h4 33. Rg4 Kf7 34. Rc1 Rc2 35. Rxc2 Rxc2 36. Rxh4 c5 37. Rf4+ Ke6 38. Rg4 Kf6 39. Rf4+ Ke5 40. Rg4 c4 41. Rxg7 c3 42. Rc7 Kd4 43. Kf1 Rh2 44. Ke1 c2 45. a5 Kd3 46. Rd7+ Ke3 47. Re7+ Kxf3 48. Rc7 Ke3 49. Rc3+ Kd4 50. Rc8 Kd3 51. Rd8+ Kc3 52. Rc8+ Kb3 53. Rb8+ Ka4 0-1

[Event "YUG-ch op"]
[Site "Nis"]
[Date "1996.??.??"]
[Round "6"]
[White "Markovic, Marko"]
[Black "Golubovic, Zoran"]
[Result "1-0"]
[WhiteElo "2130"]
[BlackElo "2315"]
[PlyCount "91"]
[EventDate "1996.??.??"]
[EventType "swiss"]
[EventRounds "10"]
[EventCountry "YUG"]
[SourceTitle "EXT 1999"]
[Source "ChessBase"]
[SourceDate "1998.11.16"]
[SourceVersion "1"]
[SourceVersionDate "1998.11.16"]
[SourceQuality "1"]

1. e4 e5 2. Nf3 Nc6 3. Nc3 Nf6 4. Bb5 Bb4 5. 0-0 0-0 6. d3 Nd4 7. Nxd4 exd4 8. Ne2 d5 9. e5 Ng4 10. c3 c6 11. Ba4 b5 12. Bc2 dxc3 13. bxc3 Ba5 14. d4 Qh4 15. Bf4 Nh6 16. Qd2 f6 17. a4 a6 18. axb5 axb5 19. Ra3 Bb7 20. Qd3 f5 21. Qd2 Bd8 22. Rxa8 Bxa8 23. Ra1 Bb7 24. Ra7 Bc8 25. Ra8 Be7 26. Bxh6 gxh6 27. g3 Qg4 28. Nf4 Bg5 29. Qd1 Qxd1+ 30. Bxd1 Bxf4 31. gxf4 Be6 32. Rxf8+ Kxf8 33. Bh5 Ke7 34. Kf1 Kd7 35. Ke2 c5 36. Kd3 b4 37. cxb4 c4+ 38. Kc3 Kc6 39. Be8+ Kb6 40. b5 Kc7 41. Kb4 Kb7 42. h4 Kb6 43. Bc6 h5 44. Be8 h6 45. Bc6 Kc7 46. Kc5 1-0

[Event "YUG-ch op"]
[Site "Nis"]
[Date "1996.??.??"]
[Round "4"]
[White "Sahovic, Dragutin"]
[Black "Golubovic, Zoran"]
[Result "1-0"]
[WhiteElo "2405"]
[BlackElo "2315"]
[PlyCount "75"]
[EventDate "1996.??.??"]
[EventType "swiss"]
[EventRounds "10"]
[EventCountry "YUG"]
[SourceTitle "EXT 1999"]
[Source "ChessBase"]
[SourceDate "1998.11.16"]
[SourceVersion "1"]
[SourceVersionDate "1998.11.16"]
[SourceQuality "1"]

1. d4 d5 2. Nf3 Nf6 3. Bg5 e6 4. e3 Be7 5. Nbd2 0-0 6. Bd3 c5 7. dxc5 a5 8. 0-0 Nbd7 9. Qe2 Nxc5 10. Nb3 Nfe4 11. Bxe7 Qxe7 12. Nxc5 Nxc5 13. e4 dxe4 14. Bxe4 Rd8 15. Rfd1 Bd7 16. Ne5 Nxe4 17. Qxe4 Be8 18. Qe3 Rdc8 19. Rd2 Qb4 20. c3 Qc5 21. Qg3 b5 22. Rad1 b4 23. c4 Qc7 24. h3 Rd8 25. Rxd8 Rxd8 26. Rxd8 Qxd8 27. Qe3 Qd1+ 28. Kh2 Qd6 29. c5 Qd5 30. b3 f6 31. Nc4 Bb5 32. Nxa5 Kf8 33. f3 Ke7 34. Kg3 h5 35. h4 Qa8 36. c6 Qxa5 37. Qc5+ Kf7 38. c7 1-0

[Event "Tivat op"]
[Site "Tivat"]
[Date "1995.??.??"]
[Round "7"]
[White "Certic, Branimir"]
[Black "Golubovic, Zoran"]
[Result "1-0"]
[WhiteElo "2435"]
[BlackElo "2305"]
[PlyCount "65"]
[EventDate "1995.??.??"]
[EventType "swiss"]
[EventRounds "11"]
[EventCountry "YUG"]
[SourceTitle "EXT 2000"]
[Source "ChessBase"]
[SourceDate "1999.11.16"]
[SourceVersion "1"]
[SourceVersionDate "1999.11.16"]
[SourceQuality "1"]

1. e4 e5 2. Nf3 Nc6 3. Nc3 Nf6 4. Bb5 Bc5 5. Nxe5 Nxe5 6. d4 c6 7. dxe5 cxb5 8. exf6 Qxf6 9. 0-0 Qc6 10. Qd3 b4 11. Nd5 0-0 12. a3 Re8 13. axb4 Bb6 14. Bf4 Bd8 15. b5 Qe6 16. Bc7 Qg4 17. Bxd8 Rxd8 18. Nb6 Rb8 19. Qd6 axb6 20. Qxb8 Qxe4 21. Qc7 Rf8 22. Ra8 Qe8 23. c4 g6 24. Qxb6 Qe5 25. c5 h5 26. Qd6 Qe2 27. Qc7 Qe8 28. b6 Kg7 29. h3 Rg8 30. b4 Rf8 31. b5 h4 32. Rb8 Rh8 33. c6 1-0

[Event "Tivat op"]
[Site "Tivat"]
[Date "1995.??.??"]
[Round "8"]
[White "Golubovic, Zoran"]
[Black "Abramovic, Bosko"]
[Result "1-0"]
[WhiteElo "2305"]
[BlackElo "2520"]
[PlyCount "71"]
[EventDate "1995.??.??"]
[EventType "swiss"]
[EventRounds "11"]
[EventCountry "YUG"]
[SourceTitle "EXT 2000"]
[Source "ChessBase"]
[SourceDate "1999.11.16"]
[SourceVersion "1"]
[SourceVersionDate "1999.11.16"]
[SourceQuality "1"]

1. d4 Nf6 2. c4 e6 3. Nc3 Bb4 4. e3 0-0 5. Bd3 d5 6. a3 Bxc3+ 7. bxc3 c5 8. Ne2 dxc4 9. Bxc4 Qc7 10. Ba2 Rd8 11. 0-0 e5 12. Bb2 Be6 13. Bxe6 fxe6 14. Qb1 Nc6 15. Qa2 Kf7 16. f4 exf4 17. Nxf4 Qd6 18. Rae1 Ke7 19. e4 e5 20. Nd5+ Kf8 21. Nxf6 gxf6 22. d5 Ne7 23. Rxf6+ Qxf6 24. Rf1 Rd6 25. c4 Ng6 26. Rxf6+ Rxf6 27. Qb3 Kg8 28. Qg3 Re8 29. Bc1 Kh8 30. Bg5 Rf7 31. Qg4 Nf8 32. h4 Nd7 33. h5 Nb6 34. h6 Rg8 35. Qe6 Nd7 36. Qxf7 1-0

[Event "Novi Sad op"]
[Site "Novi Sad"]
[Date "1989.??.??"]
[Round "7"]
[White "Kosanovic, Goran A"]
[Black "Golubovic, Zoran"]
[Result "0-1"]
[WhiteElo "2410"]
[BlackElo "2310"]
[PlyCount "92"]
[EventDate "1989.??.??"]
[EventType "swiss"]
[EventRounds "9"]
[EventCountry "YUG"]
[SourceTitle "EXT 2000"]
[Source "ChessBase"]
[SourceDate "1999.11.16"]
[SourceVersion "1"]
[SourceVersionDate "1999.11.16"]
[SourceQuality "1"]

1. e4 e5 2. Nf3 Nc6 3. Bc4 Bc5 4. c3 Nf6 5. d4 exd4 6. 0-0 d5 7. exd5 Ne7 8. cxd4 Bb6 9. Bg5 Nexd5 10. Bxd5 Qxd5 11. Bxf6 gxf6 12. Nc3 Qh5 13. Re1+ Be6 14. Qa4+ Kf8 15. Qa3+ Kg7 16. Ne4 Rhe8 17. Qc3 Qd5 18. Qd2 Rg8 19. Qf4 Qf5 20. Qh4 Bd5 21. Ng3 Qg6 22. Qf4 Kh8 23. b3 Rae8 24. Rxe8 Rxe8 25. Re1 Rxe1+ 26. Nxe1 Qg5 27. Qe3 Qxe3 28. fxe3 a5 29. Nd3 a4 30. Nc1 c5 31. Nge2 axb3 32. axb3 cxd4 33. exd4 Kg7 34. Kf2 f5 35. g3 Kf6 36. Ke3 Ba5 37. Nf4 Be4 38. Ncd3 Bc7 39. Nb4 Bd6 40. Nbd5+ Kg5 41. h4+ Kg4 42. Nf6+ Kxg3 43. Nxe4+ fxe4 44. Ne2+ Kxh4 45. Kxe4 Kg4 46. Kd5 Bc7 0-1

[Event "Novi Sad op"]
[Site "Novi Sad"]
[Date "1989.??.??"]
[Round "?"]
[White "Miladinov, Milan"]
[Black "Golubovic, Zoran"]
[Result "0-1"]
[WhiteElo "2215"]
[BlackElo "2305"]
[PlyCount "68"]
[EventDate "1989.??.??"]
[EventType "swiss"]
[EventRounds "9"]
[EventCountry "YUG"]
[SourceTitle "EXT 2003"]
[Source "ChessBase"]
[SourceDate "2002.11.25"]
[SourceVersion "1"]
[SourceVersionDate "2002.11.25"]
[SourceQuality "1"]

1. d4 d5 2. c4 e6 3. Nc3 c5 4. cxd5 cxd4 5. Qxd4 Nc6 6. Qd1 exd5 7. Qxd5 Be6 8. Qxd8+ Rxd8 9. Bd2 Nb4 10. Kd1 Nf6 11. e3 a6 12. b3 Nxa2 13. Rxa2 Bxb3+ 14. Kc1 Bxa2 15. Nxa2 Ne4 16. Be1 Bc5 17. Be2 0-0 18. Nf3 Rd6 19. Nd2 Nxd2 20. Bxd2 Rc8 21. Bc3 b5 22. Kb2 b4 23. Be1 a5 24. Kb3 Rb6 25. Bd2 Be7 26. Rc1 Ra8 27. Rc7 a4+ 28. Kc4 b3 29. Nc3 Rb4+ 30. Kd5 Rd8+ 31. Kc6 Bf8 32. Rd7 Rb6+ 33. Kc7 Rxd7+ 34. Kxd7 Rd6+ 0-1

[Event "Novi Sad op"]
[Site "Novi Sad"]
[Date "1989.??.??"]
[Round "3"]
[White "Subasic, Ilijas"]
[Black "Golubovic, Zoran"]
[Result "1-0"]
[WhiteElo "2245"]
[BlackElo "2310"]
[PlyCount "47"]
[EventDate "1989.??.??"]
[EventType "swiss"]
[EventRounds "9"]
[EventCountry "YUG"]
[SourceTitle "EXT 2000"]
[Source "ChessBase"]
[SourceDate "1999.11.16"]
[SourceVersion "1"]
[SourceVersionDate "1999.11.16"]
[SourceQuality "1"]

1. d4 d5 2. c4 e6 3. Nc3 c5 4. e3 Nf6 5. Nf3 Nc6 6. a3 a6 7. dxc5 Bxc5 8. b4 Ba7 9. Bb2 0-0 10. Qc2 Qe7 11. Rd1 Rd8 12. Be2 dxc4 13. Rxd8+ Nxd8 14. Bxc4 b5 15. Bd3 Bb7 16. 0-0 Rc8 17. Rd1 Bb8 18. Qe2 e5 19. Bf5 Ne6 20. Nd2 g6 21. Bb1 Nd5 22. Nde4 Nb6 23. Ba2 Nc4 24. Rd7 1-0

[Event "YUG-chT 38th"]
[Site "Sibenik"]
[Date "1986.??.??"]
[Round "?"]
[White "Golubovic, Zoran"]
[Black "Nikolic, Goran"]
[Result "1-0"]
[WhiteElo "2270"]
[BlackElo "2330"]
[PlyCount "127"]
[EventDate "1986.??.??"]
[EventType "team"]
[EventRounds "9"]
[EventCountry "YUG"]
[SourceTitle "EXT 2009"]
[Source "ChessBase"]
[SourceDate "2008.11.26"]
[SourceVersion "1"]
[SourceVersionDate "2008.11.26"]
[SourceQuality "1"]

1. d4 d5 2. c4 e6 3. Nc3 Nf6 4. Bg5 Nbd7 5. Nf3 c6 6. cxd5 exd5 7. e3 Be7 8. Qc2 0-0 9. Bd3 Re8 10. 0-0 Nf8 11. Bxf6 Bxf6 12. b4 Bg4 13. Nd2 Be7 14. Rab1 Bd6 15. Rfe1 Qf6 16. Nf1 a6 17. Na4 Re7 18. Nc5 Rae8 19. a4 h5 20. f3 Bc8 21. Qf2 Bxc5 22. bxc5 Ne6 23. Kh1 g6 24. Re2 Kg7 25. Nd2 h4 26. h3 Qg5 27. f4 Qh5 28. Nf3 Rh8 29. Ne5 f5 30. Reb2 Nd8 31. Qf3 Qh6 32. Kh2 Kf6 33. Rb6 Kg7 34. Rg1 Qh5 35. Qf2 Qh6 36. g4 hxg3+ 37. Qxg3 Re6 38. Bxf5 Rxe5 39. Bxc8 Rh5 40. Bg4 Rh4 41. f5 g5 42. Qc7+ Nf7 43. Qg3 Nd8 44. Kg2 Re8 45. Qc7+ Kg8 46. Rgb1 Qf6 47. Qd7 Rf8 48. Qc7 Re8 49. Qg3 Rh7 50. Rf1 Rhe7 51. Rf3 Rh7 52. Rb1 Kg7 53. Rf2 Re7 54. Qf3 Rh4 55. Re1 Re4 56. Qg3 Re7 57. Rfe2 Rh8 58. e4 dxe4 59. Rxe4 Rhe8 60. Rxe7+ Rxe7 61. Rxe7+ Qxe7 62. Qe5+ Qf6 63. Bh5 a5 64. Kg3 1-0

[Event "YUG Team-ch35"]
[Site "Medulin"]
[Date "1983.??.??"]
[Round "?"]
[White "Raicevic, Momcilo"]
[Black "Golubovic, Zoran"]
[Result "1-0"]
[WhiteElo "2345"]
[BlackElo "2255"]
[PlyCount "63"]
[EventDate "1983.??.??"]
[EventType "team"]
[EventRounds "9"]
[EventCountry "YUG"]
[SourceTitle "EXT 2009"]
[Source "ChessBase"]
[SourceDate "2008.11.26"]
[SourceVersion "1"]
[SourceVersionDate "2008.11.26"]
[SourceQuality "1"]

1. c4 e6 2. g3 d5 3. Nf3 Nf6 4. Bg2 Be7 5. 0-0 0-0 6. b3 c6 7. Bb2 b5 8. d3 Qb6 9. Qc2 Ba6 10. Nbd2 Nbd7 11. Rab1 Rac8 12. b4 dxc4 13. dxc4 c5 14. a4 cxb4 15. axb5 Bxb5 16. Nd4 Ba6 17. N4b3 Bb7 18. Bd4 Qc7 19. Bxb7 Qxb7 20. Ra1 Ra8 21. Ra5 Nb8 22. Rb5 Qd7 23. Bxf6 Bxf6 24. Ne4 Be7 25. Rd1 Qc7 26. Nbc5 Bxc5 27. Rxc5 Qe7 28. Qa4 Rd8 29. Nd6 h6 30. Rc8 Nd7 31. Rxd8+ Rxd8 32. Qxa7 1-0

[Event "YUG-chT 33rd"]
[Site "Arandjelovac"]
[Date "1981.08.21"]
[Round "5.3"]
[White "Kelecevic, Nedeljko"]
[Black "Golubovic, Zoran"]
[Result "1/2-1/2"]
[WhiteElo "2400"]
[BlackElo "2250"]
[PlyCount "75"]
[EventDate "1981.08.16"]
[EventType "team"]
[EventRounds "9"]
[EventCountry "SRB"]
[SourceTitle "EXT 2021"]
[Source "ChessBase"]
[SourceDate "2020.10.23"]
[SourceVersion "1"]
[SourceVersionDate "2020.10.23"]
[SourceQuality "1"]
[WhiteTeam "Sarajevo Bosna"]
[BlackTeam "Nis Zeleznicar"]
[WhiteTeamCountry "YUG"]
[BlackTeamCountry "YUG"]

1. d4 Nf6 2. c4 g6 3. Nc3 d5 4. cxd5 Nxd5 5. e4 Nxc3 6. bxc3 Bg7 7. Bc4 c5 8. Ne2 0-0 9. 0-0 Nc6 10. Be3 cxd4 11. cxd4 Bg4 12. f3 Na5 13. Bd3 Be6 14. d5 Bxa1 15. Qxa1 f6 16. Rb1 Bd7 17. Bh6 Rf7 18. e5 e6 19. Nf4 fxe5 20. Qxe5 Qf6 21. Qxf6 Rxf6 22. Bg5 Rxf4 23. Bxf4 exd5 24. Bd2 b6 25. Bxa5 bxa5 26. Rb7 Be6 27. Kf2 a4 28. a3 Rc8 29. Ke3 Rc3 30. Kd4 Rxa3 31. Rxa7 Bf7 32. Bb5 Ra2 33. Ke5 Kg7 34. g4 Rxh2 35. Kf4 Kf8 36. Ra8+ Kg7 37. Ra7 Kf8 38. Ra8+ 1/2-1/2

[Event "YUG-chT 33rd"]
[Site "Arandjelovac"]
[Date "1981.08.17"]
[Round "2.3"]
[White "Golubovic, Zoran"]
[Black "Rogulj, Branko"]
[Result "1/2-1/2"]
[WhiteElo "2250"]
[BlackElo "2420"]
[PlyCount "87"]
[EventDate "1981.08.16"]
[EventType "team"]
[EventRounds "9"]
[EventCountry "SRB"]
[SourceTitle "EXT 2021"]
[Source "ChessBase"]
[SourceDate "2020.10.23"]
[SourceVersion "1"]
[SourceVersionDate "2020.10.23"]
[SourceQuality "1"]
[WhiteTeam "Nis Zeleznicar"]
[BlackTeam "Zagreb Mladost Industrogradnja"]
[WhiteTeamCountry "YUG"]
[BlackTeamCountry "YUG"]

1. d4 Nf6 2. c4 c5 3. d5 g6 4. Nc3 d6 5. Nf3 Bg7 6. e4 0-0 7. Bd3 e6 8. h3 exd5 9. exd5 Re8+ 10. Be3 Bh6 11. 0-0 Bxe3 12. fxe3 Qe7 13. Qd2 a6 14. Rae1 Nbd7 15. Qf2 Kg7 16. Re2 b6 17. Qh4 Nh5 18. Qxe7 Rxe7 19. Kh2 f5 20. g3 Nhf6 21. Rfe1 Ne4 22. Bxe4 fxe4 23. Nd2 Nf6 24. g4 h5 25. g5 Nh7 26. Ndxe4 Bf5 27. Nxd6 Bd3 28. Rd2 Nxg5 29. Kg3 Rd8 30. Rxd3 Rxd6 31. e4 Nf7 32. Nd1 Ne5 33. Rc3 Rf7 34. Nf2 Rdf6 35. Re2 g5 36. b3 b5 37. cxb5 axb5 38. a4 Rf3+ 39. Rxf3 Rxf3+ 40. Kg2 Rxb3 41. axb5 c4 42. Ra2 Nf3 43. Ra7+ Kf6 44. Ra6+ 1/2-1/2